ECONOMICS MEETS SOCIOLOGY IN STRATEGIC M (Record no. 24285)

MARC details
000 -LEADER
fixed length control field 00347nam a2200133Ia 4500
008 - FIXED-LENGTH DATA ELEMENTS--GENERAL INFORMATION
fixed length control field 240624s9999 xx 000 0 und d
041 ## - LANGUAGE CODE
Language code of text/sound track or separate title eng
082 ## - DEWEY DECIMAL CLASSIFICATION NUMBER
Classification number 331 BAU
100 ## - MAIN ENTRY--PERSONAL NAME
Personal name BAUM JOEL A C
245 ## - TITLE STATEMENT
Title ECONOMICS MEETS SOCIOLOGY IN STRATEGIC M
260 ## - PUBLICATION, DISTRIBUTION, ETC.
Date of publication, distribution, etc. 2000
Place of publication, distribution, etc. India
Name of publisher, distributor, etc. Emerald Group Publishing Limited
300 ## - PHYSICAL DESCRIPTION
Extent 428 : p.
365 ## - TRADE PRICE
Currency code
Price amount 25
Holdings
Withdrawn status Lost status Damaged status Not for loan Home library Current library Shelving location Date acquired Source of acquisition Cost, normal purchase price Full call number Barcode Date last seen Copy number Price effective from Koha item type
        IMTN IMTN Rack 8-A 06/03/2015 VBC 73.95 331 BAU 24285 06/24/2024 67.3 06/24/2024 Books
Designed & Maintained by: LRC IMT Nagpur Contact: lrc@imtnag.ac.in© 2024. All Rights Reserved.